000 nam a22 7a 4500
999 _c10815
_d10815
008 180226b ||||| |||| 00| 0 eng d
100 _aShiva,V.etal.
_96651
245 _aThe Young Ecologist Initiative: Lesson Plan for Cultivating Food Democracy
260 _aNew Delhi
_bNavdhanya
_c2011